书目信息 |
| 题名: |
计算方法与实习
|
|
| 作者: | 孙志忠 , 吴宏伟 , 袁慰平 , 闻震初 主编 | |
| 分册: | ||
| 出版信息: | 南京 东南大学出版社 2011 |
|
| 页数: | 278页 | |
| 开本: | 24cm | |
| 丛书名: | ||
| 单 册: | ||
| 中图分类: | O241-43 | |
| 科图分类: | 51.81 | |
| 主题词: | 数值计算--Shu Zhi Ji Suan--计算方法--高等学校--教材 | |
| 电子资源: | ||
| ISBN: | 978-7-5641-2895-1 | |
| 000 | 01537nam0 2200361 45 | |
| 001 | 012001001564 | |
| 005 | 20191122091936.67 | |
| 010 | @a978-7-5641-2895-1@dCNY33.80 | |
| 099 | @aCAL 012011309983 | |
| 100 | @a20111017d2011 ekmy0chiy50 ea | |
| 101 | 0 | @achi |
| 102 | @aCN@b320000 | |
| 105 | @aak a 000yy | |
| 106 | @ar | |
| 200 | 1 | @a计算方法与实习@AJi Suan Fang Fa Yu Shi Xi@f孙志忠 ... [等] 编著 |
| 205 | @a第5版 | |
| 210 | @a南京@c东南大学出版社@d2011 | |
| 215 | @a278页@c图@d24cm | |
| 304 | @a本书责任者还包括:吴宏伟, 袁慰平, 闻震初 | |
| 312 | @a英文并列题名取自封面 | |
| 320 | @a有书目 (第278页) | |
| 330 | @a本书分两篇。第1篇为计算方法,包括误差分析、方程求根、线性方程组数值解法、插值法、曲线拟合、数值积分与数值微分、常微分方程数值解法及矩阵的特征值及特征向量的计算等8章,各章末有应用实例、内容小结、复习思考题和习题;第2篇为计算实习,供学生自学,用于指导学生上机实习,与第l篇各章相应共有8个实习,每一实习均给出了该实习的目的与要求,算法概要、用C++语言和Matlab编写并调试过的程序、实例及上机实习题和答案。本书取材适当,思路清晰、富有启发性,便于教学。 | |
| 333 | @a21世纪高等学校教材 | |
| 510 | 1 | @aAn elementary numerical analysis@zeng |
| 606 | 0 | @a数值计算@AShu Zhi Ji Suan@x计算方法@x高等学校@j教材 |
| 690 | @aO241-43@v4 | |
| 692 | @a51.81@v3 | |
| 701 | 0 | @a孙志忠@ASun Zhi Zhong@4主编 |
| 701 | 0 | @a吴宏伟@AWu Hong Wei@4主编 |
| 701 | 0 | @a袁慰平@AYuan Wei Ping@4主编 |
| 701 | 0 | @a闻震初@AWen Zhen Chu@4编著 |
| 801 | 0 | @aCN@b北京卓展@c20191020 |
| 905 | @b1198563-6@dO241-43@e249=5@f4 | |
| 计算方法与实习/孙志忠 ... [等] 编著.-第5版.-南京:东南大学出版社,2011 |
| 278页:图;24cm |
| 使用对象:21世纪高等学校教材 |
| ISBN 978-7-5641-2895-1:CNY33.80 |
| 本书分两篇。第1篇为计算方法,包括误差分析、方程求根、线性方程组数值解法、插值法、曲线拟合、数值积分与数值微分、常微分方程数值解法及矩阵的特征值及特征向量的计算等8章,各章末有应用实例、内容小结、复习思考题和习题;第2篇为计算实习,供学生自学,用于指导学生上机实习,与第l篇各章相应共有8个实习,每一实习均给出了该实习的目的与要求,算法概要、用C++语言和Matlab编写并调试过的程序、实例及上机实习题和答案。本书取材适当,思路清晰、富有启发性,便于教学。 |
| ● |
| 相关链接 |
|
|
|
|
正题名:计算方法与实习
索取号:O241-43/249=5
 
预约/预借
| 序号 | 登录号 | 条形码 | 馆藏地/架位号 | 状态 | 备注 |
| 1 | 1198563 | 211985636 | 第二样本阅览室/ [索取号:O241-43/249=5] | 在馆 | |
| 2 | 1198564 | 211985645 | 第三借阅区/ [索取号:O241-43/249=5] | 在馆 | |
| 3 | 1198565 | 211985654 | 第三借阅区/ [索取号:O241-43/249=5] | 在馆 | |
| 4 | 1198566 | 211985663 | 第三借阅区/ [索取号:O241-43/249=5] | 在馆 |